| 000 | 00580nam a22001937a 4500 | ||
|---|---|---|---|
| 999 |
_c181771 _d181771 |
||
| 005 | 20211005164028.0 | ||
| 010 | _a130002 | ||
| 020 |
_c450.00 _a978-93- 85606-34-2 |
||
| 035 | _aEN-113534 | ||
| 037 | _bDBAD/PUB | ||
| 082 | _a616.241 4 | ||
| 100 | _aSamaddar ,Randabir | ||
| 245 |
_aA Pandemic Andt The Politics Of Life : _cRanabir Samaddar |
||
| 250 | _a2021 | ||
| 260 |
_bWomen Unlimited _aNew Delhi |
||
| 270 |
_a7/10,First floor,Sarvapriya Vihar _bNew Delhi _e110016 |
||
| 300 |
_a208p _c22cm (Pbk) _bEpilogue |
||
| 942 |
_2ddc _cEN _h616.2414 _mSAM |
||